00736nam a22001937a 450000500170000000800430001702000150006005000190007510000600009424501640015425000120031826000440033030000220037450000590039650500270045565000130048265000210049565000260051620230809125308.0230807b sp |||||||| |||| 00| 0 spa d a847209279804aK42 bH39 19941 aHayek, Friedrich A. d. (Friedrich August), e1899-1992 aDerecho, legislación y libertadb : Una nueva formulación de los principios liberales de la justicia y de la económica política c/ Friedrich A. Hayek  a3a ed.  aBarcelona ; bUnión editorial, c1994 aV ; c19 cm. g  a# 1156 Donacion: Juan Alvarez Cienfuegos 25/ FEB./2020 tVol.1, Normas y orden  aDerecho  aJusticia social  aLiberalismo economico